| 000 | 01304cam a2200397 a 4500 | ||
|---|---|---|---|
| 001 | 21546 | ||
| 003 | VRT | ||
| 005 | 20260305081349.0 | ||
| 008 | 240702s1993 xo a br 0000j slo | ||
| 015 | _aSNBA1994/03 | ||
| 020 | _a808557814X | ||
| 035 | _aSNK000017223 | ||
| 039 | 9 |
_a202407091237 _bmsnk24 _c202407021353 _dVLOAD _c202407021353 _dVLOAD _c202403181540 _dVLOAD |
|
| 040 |
_aSNK _bslo _cSNK _eAACR2 |
||
| 041 | 0 | _aslo | |
| 044 |
_axo _cSK |
||
| 072 | 7 |
_a821.162.4-3 _xSlovenská próza _2konspekt |
|
| 072 | 7 |
_a821-93 _xLiteratúra pre deti a mládež (beletria) _2konspekt |
|
| 080 |
_a885.4-9 _21981 |
||
| 080 |
_a821.162.4-32 _22011 |
||
| 080 |
_a82-93-053.4/.5 _22011 |
||
| 100 | 1 |
_aKernová, Katarína _4aut |
|
| 245 | 1 | 0 |
_aDetským srdiečkam _cKatarína Kernová |
| 250 | _a1. vyd. | ||
| 260 |
_aVrútky _bVega _c1993 |
||
| 300 |
_a57 s. _bilustrácie _c20 cm |
||
| 655 | 7 |
_aslovenské príbehy _2SNKPH |
|
| 655 | 7 |
_aliteratúra pre deti _2SNKPH |
|
| 942 |
_2ddc _cKLDE _n0 |
||
| 949 |
_617A0346779 _asnkSD 66070 D1 _bsnkKSP 2135/94 |
||
| 949 |
_617A1020640 _asnkSD 66070 |
||
| 949 |
_6273K0201768 _asvkpoA 161861 _bsvkpo398962 _oPV 1719/94 |
||
| 949 |
_6273K0214569 _asvkpoA 166226 _bsvkpo412355 |
||
| 999 |
_c21546 _d21546 |
||